Normal view
MARC view
- Balance of power
Entry Topical Term
001 - CONTROL NUMBER
- control field: 36712
003 - CONTROL NUMBER IDENTIFIER
- control field: NUST
005 - DATE AND TIME OF LATEST TRANSACTION
- control field: 20210314130059.0
008 - FIXED-LENGTH DATA ELEMENTS
- fixed length control field: 210314|| aca||aabn | a|a d
040 ## - CATALOGING SOURCE
- Original cataloging agency: NUST
- Transcribing agency: NUST
150 ## - HEADING--TOPICAL TERM
- Topical term or geographic name entry element: Balance of power
670 ## - SOURCE DATA FOUND
- Source citation: Work cat.: (NUST): Kennedy, Paul M., 1495, The rise and fall of the great powers :, 1989, c1987.
